| 000 | 01451cam a2200361 i 4500 | ||
|---|---|---|---|
| 001 | on1368273740 | ||
| 003 | EG-ScBUE | ||
| 005 | 20240228145116.0 | ||
| 008 | 230130t2023 enka f b 001 0 eng d | ||
| 020 | _a9781473773790 | ||
| 035 | _a(OCoLC)1368273740 | ||
| 040 |
_aUKMGB _beng _erda _cUKMGB _dOCLCF _dSISPL _dOCLCO _dYDX _dEG-ScBUE |
||
| 082 | 0 | 4 |
_a658.3 _222 _bDOW |
| 100 | 1 |
_aDowling, Peter J. _q(Peter John), _eauthor. |
|
| 245 | 1 | 0 |
_aInternational human resource management / _cPeter J. Dowling, Marion Festing, Allen D. Engle, Sr. |
| 250 | _aEighth edition. | ||
| 264 | 1 |
_aAndover, Hampshire, United Kingdom : _bCengage Learning, _c[2023] |
|
| 264 | 4 | _cc2023 | |
| 300 |
_axv, 440 pages : _billustrations ; _c27 cm |
||
| 336 |
_atext _2rdacontent _btxt |
||
| 337 |
_aunmediated _2rdamedia _bn |
||
| 338 |
_avolume _2rdacarrier _bnc |
||
| 500 | _aPrevious edition: Australia: Cengage Learning, 2017. | ||
| 504 | _aIncludes bibliographical references and index. | ||
| 650 | 7 |
_aInternational business enterprises _xPersonnel management. _2BUEsh |
|
| 653 |
_cFebruary2024 _bBUSADM |
||
| 655 | _vReading book | ||
| 700 | 1 |
_aFesting, Marion, _eauthor. |
|
| 700 | 1 |
_aEngle, Allen D., _cSr., _eauthor. |
|
| 942 |
_2ddc _cBB |
||
| 949 |
_tNONCIRC _l_ULDEMAND _mI-UNIVLIB _o.PUBLIC. Books on Demand service for IUPUI University Library users only _o.PUBLIC. Click the “Get this for IUPUI” button to submit a request. |
||
| 999 |
_c30672 _d30643 |
||